MCSE guide to managing a Microsoft Windows Server 2003 environment, enchanced (Record no. 2793)

000 -LEADER
fixed length control field 00698nam a22001937a 4500
003 - CONTROL NUMBER IDENTIFIER
control field OSt
005 - DATE AND TIME OF LATEST TRANSACTION
control field 20210721080527.0
008 - FIXED-LENGTH DATA ELEMENTS--GENERAL INFORMATION
fixed length control field 210721b ||||| |||| 00| 0 eng d
020 ## - INTERNATIONAL STANDARD BOOK NUMBER
International Standard Book Number 9781423902898
040 ## - CATALOGING SOURCE
Transcribing agency ALUPE UNIVERSITY
050 ## - LIBRARY OF CONGRESS CALL NUMBER
Classification number QA76.7
Item number .Q6D5 2006
245 ## - TITLE STATEMENT
Title MCSE guide to managing a Microsoft Windows Server 2003 environment, enchanced
260 ## - PUBLICATION, DISTRIBUTION, ETC.
Place of publication, distribution, etc. Course Technology/
Name of publisher, distributor, etc. Cengage Learning,
Date of publication, distribution, etc. ©2006.
300 ## - PHYSICAL DESCRIPTION
Extent xxi, 697 pages : ;+
Other physical details color illustrations
Dimensions 24 cm
Accompanying material 1 CD-ROM
Type of unit (color ; 4 3/4 in.).
500 ## - GENERAL NOTE
General note index
650 ## - SUBJECT ADDED ENTRY--TOPICAL TERM
Topical term or geographic name entry element MCSE guide to managing a Microsoft Windows Server 2003 environment, enchanced". Be the first.
700 ## - ADDED ENTRY--PERSONAL NAME
Personal name Brian McCann
942 ## - ADDED ENTRY ELEMENTS (KOHA)
Source of classification or shelving scheme
Koha item type Book
Suppress in OPAC PW
Holdings
Withdrawn status Lost status Source of classification or shelving scheme Damaged status Not for loan Permanent Location Current Location Shelving location Date acquired Source of acquisition Total Checkouts Full call number Barcode Date last seen Date last checked out Price effective from Koha item type Public note
          AU LIBRARY AU LIBRARY Open Shelf 21.07.2021 DONATION FROM MOI UNIVERSITY 1 QA76 .Q6D5 2006 28002509 15.11.2023 15.11.2023 21.07.2021 Book PW

Powered by Koha